Dimensiones ontologicas del cuerpo : (Registro nro. 16860)

Detalles MARC
000 -LEADER
fixed length control field 01194nam a2200313 4500
001 - CONTROL NUMBER
control field 0000017163
003 - CONTROL NUMBER IDENTIFIER
control field CO-CtgCURN
005 - DATE AND TIME OF LATEST TRANSACTION
control field 20250331183909.0
007 - PHYSICAL DESCRIPTION FIXED FIELD--GENERAL INFORMATION
fixed length control field ta
008 - FIXED-LENGTH DATA ELEMENTS--GENERAL INFORMATION
fixed length control field 160627s1997 000 0 eng d
020 ## - INTERNATIONAL STANDARD BOOK NUMBER
International Standard Book Number 958961860X
040 ## - CATALOGING SOURCE
Original cataloging agency CO-CtgCURN
Language of cataloging spa
Transcribing agency coctgcurn
082 0# - DEWEY DECIMAL CLASSIFICATION NUMBER
Classification number 111
Item number E72d
100 1# - MAIN ENTRY--PERSONAL NAME
Personal name Escobar Triana, Jaime.
245 10 - TITLE STATEMENT
Title Dimensiones ontologicas del cuerpo :
Remainder of title una vision filosofica del cuerpo y su relacion con el ejercicio de la medicina /
Statement of responsibility, etc. Jaime Escobar Triana.
260 ## - PUBLICATION, DISTRIBUTION, ETC.
Place of publication, distribution, etc. Bogotá :
Name of publisher, distributor, etc. Ediciones El Bosque,
Date of publication, distribution, etc. 1997.
300 ## - PHYSICAL DESCRIPTION
Extent 179 p.
336 ## - CONTENT TYPE
Source rdacontent
337 ## - MEDIA TYPE
Source rdamedia
Media type term sin mediacion
Media type code n
338 ## - CARRIER TYPE
Source rdacarrier
Carrier type term volumen
Carrier type code nc
490 1# - SERIES STATEMENT
Series statement Bios y ethos ;
Volume/sequential designation 2
504 ## - BIBLIOGRAPHY, ETC. NOTE
Bibliography, etc. note Bibliografia (p. 171-179)
505 8# - FORMATTED CONTENTS NOTE
Formatted contents note El dualismo psico-fisico cartesiano como paradigma de la medicina.--La crisis de las ciencias.--Dimensiones ontologicas del cuerpo.--Relaciones con el projimo.--Caracteristicas de la realidad humana
650 14 - SUBJECT ADDED ENTRY--TOPICAL TERM
Topical term or geographic name entry element Ontología.
908 ## - PUT COMMAND PARAMETER (RLIN)
Put command parameter 160627
942 ## - ADDED ENTRY ELEMENTS (KOHA)
Koha item type Libros
Classification part 111
Item part E72d
Source of classification or shelving scheme Dewey Decimal Classification
Existencias
Withdrawn status Lost status Source of classification or shelving scheme Damaged status Not for loan Collection Home library Current library Shelving location Date acquired Inventory number Total checkouts Full call number Barcode Date last seen Price effective from Koha item type Public note
    Dewey Decimal Classification     General Miguel Henríquez Castañeda Miguel Henríquez Castañeda General 03/31/2025 001894   111 E72d 001894 03/31/2025 03/31/2025 Libros 110-METAFI
    Dewey Decimal Classification     General Miguel Henríquez Castañeda Miguel Henríquez Castañeda General 03/31/2025 001902   111 E72d 001902 03/31/2025 03/31/2025 Libros 110-METAFI